• 首页
  • 本馆介绍
  • 公告通知
  • 最新文献
  • 馆藏检索
  • 电子资源
  • 读者导购
  • 参考咨询
  • 我的图书馆
  • 登录
  • 详细信息显示
  • 放入我的书架
  • 预约/预借图书
  • 作者相关作品
  • 分类相关作品
  • 丛书相关作品
  • 出版社相关作品

书目信息

  • 表格格式
  • 工作单格式
  • 卡片格式
题名:
北京鸭
    
 
作者: ;北京市畜牧兽医站 编
分册:  
出版信息: 北京   北京人民出版社  1976
页数: 179页
开本: 19cm
丛书名:
单 册:
中图分类: S834
科图分类:
主题词: 北京鸭
电子资源:
ISBN:
000 00599nam0 2200229 45
001 0176001134
005 20060802152636.00
010    @dCNY0.68
091    @a16071.19
100    @a19951020d1976 em y0chiy0121 ea
101 0  @achi
102    @aCN@b110000
105    @af z 000yy
200 10 @a北京鸭@Abei jing ya@f北京市畜牧兽医站编
210    @a北京@c北京人民出版社@d1976
215    @a179页@c彩图@d19cm
606    @a北京鸭
690    @aS834@v3
711 02 @a北京市畜牧兽医站@Abei jing shi xu mu shou yi zhan@4编
801  2 @aCN@bNLC@c20060802
801  0 @aCN@bTSSF
905    @a10447@dS834@e39
    
    北京鸭/北京市畜牧兽医站编.-北京:北京人民出版社,1976
    179页:彩图;19cm
    
    
    ISBN :CNY0.68
    
●
相关链接 在E读中查询图书 在五车中查询图书 在当当中查询图书 在豆瓣中查询图书


正题名:北京鸭     索取号:S834/39         预约/预借

序号 登录号 条形码 馆藏地/架位号 状态 备注
1 0439517   204395172   密集书库/ [索取号:S834/39] 在馆    
唐山师范学院图书馆 欢迎您!
大连网信软件有限公司© 版权所有